000
00324nam a22001457a 4500
003
OSt
005
20160727222351.0
008
160622b xxu||||| |||| 00| 0 eng d
040
_c
TEST
100
_9
396
_a
Lance, L,
245
_a
Spraeding Sails
260
_a
Lythway Press Ltd.
300
_a
Spraeding Sails
942
_2
ddc
_c
BK
999
_c
322
_d
322